[Event "99th YMCA Autumn D"]
[Site "Warszawa"]
[Date "2011.10.25"]
[Round "5"]
[White "Kasperski, Marcin"]
[Black "Budrewicz, Henryk"]
[Result "1-0"]
[WhiteElo "1701"]
[BlackElo "1596"]
[PlyCount "109"]
[EventDate "2011.09.19"]
[EventType "tourn"]
[EventRounds "1"]
[EventCountry "POL"]
[SourceDate "2011.09.20"]

1. e4 e6 2. d4 b6 3. c4 Bb7 4. Bd3 Bb4+ 5. Nc3 f5 6. Qe2 Nf6 7. d5 O-O 8. e5
exd5 9. Nf3 Ne4 10. Bxe4 fxe4 11. Nd2 Bc5 12. cxd5 Bxf2+ 13. Kd1 e3 14. Nf3 Ba6
15. Qc2 c6 16. Qe4 Bb7 17. d6 Qc8 18. Bxe3 Bxe3 19. Qxe3 c5 20. Kc2 Nc6 21.
Raf1 Ba6 22. Re1 Nd4+ 23. Nxd4 cxd4 24. Qxd4 Bb7 25. Rhg1 Qc6 26. Kb1 Rae8 27.
g4 Rf3 28. Rgf1 Ba6 29. Rxf3 Qxf3 30. Qd5+ Qf7 31. Qxf7+ Kxf7 32. Nd5 Bd3+ 33.
Kc1 Rc8+ 34. Nc7 Bc4 35. a3 Be6 36. g5 Kg6 37. h4 Kh5 38. Kd2 Rd8 39. Nxe6 dxe6
40. Re4 Kg6 41. Rf4 Rd7 42. b4 h6 43. gxh6 Kxh6 44. b5 Kg6 45. Ke3 Rd8 46. Kf3
Rd7 47. Kg4 Kh6 48. Rc4 a6 49. bxa6 Ra7 50. Rd4 Rxa6 51. d7 Ra5 52. d8=Q Rxe5
53. Qh8+ Kg6 54. h5+ Kf7 55. Rd7+ 1-0

[Event "99th YMCA Autumn D"]
[Site "Warszawa"]
[Date "2011.11.02"]
[Round "5"]
[White "Sokur, Iwan"]
[Black "Baranowicz, Jan"]
[Result "0-1"]
[WhiteElo "1456"]
[BlackElo "1672"]
[PlyCount "56"]
[EventDate "2011.09.19"]
[EventType "tourn"]
[EventRounds "1"]
[EventCountry "POL"]
[SourceDate "2011.09.20"]

1. d4 g6 2. g3 Bg7 3. Bg2 c6 4. c4 d5 5. cxd5 cxd5 6. Nc3 Nf6 7. Bg5 Ne4 8.
Bxe4 dxe4 9. Qb3 O-O 10. O-O-O a5 11. Kb1 Nc6 12. Be3 Bd7 13. d5 Ne5 14. Nxe4
b5 15. Bc5 Nc4 16. Bd4 e5 17. dxe6 Bxe6 18. Qd3 Bf5 19. f3 Qe7 20. g4 Bxd4 21.
gxf5 Rfd8 22. Nh3 Nxb2 23. Qxd4 Rxd4 24. Rxd4 Nc4 25. Rd3 a4 26. Kc2 Rc8 27. f6
Qb4 28. Rb1 Na3+ 0-1

[Event "99th YMCA Autumn D"]
[Site "Warszawa"]
[Date "2011.10.17"]
[Round "5"]
[White "Pajak, Jakub"]
[Black "Gajewski, Wojciech"]
[Result "1-0"]
[WhiteElo "1694"]
[BlackElo "1486"]
[PlyCount "127"]
[EventDate "2011.09.19"]
[EventType "tourn"]
[EventRounds "1"]
[EventCountry "POL"]
[SourceDate "2011.09.20"]

1. e4 c5 2. Nc3 g6 3. d3 Bg7 4. g3 Nc6 5. Be3 d6 6. Bg2 e6 7. Qd2 Rb8 8. Nge2
b5 9. f4 Nge7 10. d4 b4 11. Nd1 cxd4 12. Nxd4 a5 13. O-O O-O 14. Nxc6 Nxc6 15.
f5 Ne5 16. fxg6 fxg6 17. Rxf8+ Qxf8 18. Qf2 Qe7 19. Rc1 Bf6 20. h4 Qg7 21. Qe2
Bd7 22. c4 Rc8 23. b3 h5 24. Nf2 Nc6 25. Rd1 Bd4 26. Bh3 Qe5 27. Bf4 Qc5 28.
Kh2 Rd8 29. Nd3 Qb6 30. Bxd6 e5 31. Bxd7 Rxd7 32. c5 Qb7 33. Rf1 Rf7 34. Rxf7
Qxf7 35. Qf3 Qd7 36. Qf6 Qe8 37. Ne1 Qf7 38. Qxf7+ Kxf7 39. Nf3 Ke6 40. Ng5+
Kf6 41. Kh3 Nd8 42. Nf3 Nb7 43. Nxd4 exd4 44. e5+ Ke6 45. Kg2 Kd5 46. Kf3 Nd8
47. Bc7 Nc6 48. Kf4 Kxc5 49. Ke4 d3 50. Bd6+ Kb5 51. Kxd3 Nd8 52. Ke4 Kc6 53.
Be7 Ne6 54. Bd6 Nd8 55. g4 hxg4 56. Kf4 Ne6+ 57. Kxg4 Kb6 58. h5 gxh5+ 59. Kxh5
Kc6 60. Kg6 Kd7 61. Kf6 Nd8 62. Bc5 Nb7 63. e6+ Kd8 64. Bb6+ 1-0

[Event "99th YMCA Autumn D"]
[Site "Warszawa"]
[Date "2011.10.27"]
[Round "5"]
[White "Litner, Igor"]
[Black "Powalka, Michal"]
[Result "0-1"]
[WhiteElo "1676"]
[BlackElo "1560"]
[PlyCount "80"]
[EventDate "2011.09.19"]
[EventType "tourn"]
[EventRounds "1"]
[EventCountry "POL"]
[SourceDate "2011.09.20"]

1. d4 Nf6 2. c4 g6 3. Nc3 Bg7 4. e4 d6 5. f4 O-O 6. Nf3 c5 7. d5 e6 8. Bd3 exd5
9. cxd5 Re8 10. O-O Na6 11. a3 Bd7 12. h3 Rc8 13. Be3 c4 14. Bc2 Nc5 15. Bxc5
Rxc5 16. Qd2 b5 17. Rae1 Qb6 18. Kh1 a5 19. e5 Nh5 20. Kh2 dxe5 21. fxe5 Bf8
22. Ng5 f6 23. Qf2 fxg5 24. Qf7+ Kh8 25. Qxd7 Qb8 26. Kg1 b4 27. Na4 Rc7 28.
Qg4 c3 29. bxc3 bxc3 30. d6 Qa7+ 31. Kh2 Rf7 32. Rxf7 Qxf7 33. e6 Bxd6+ 34. Kg1
Qa7+ 35. Kh1 Qf2 36. Rd1 Ng3+ 37. Kh2 Nf1+ 38. Kh1 Ne3 39. Qd4+ Kg8 40. Rg1 Qg3
0-1

[Event "99th YMCA Autumn D"]
[Site "Warszawa"]
[Date "2011.10.17"]
[Round "5"]
[White "Praczukowski, Stanislaw"]
[Black "Jarzyna, Michal"]
[Result "1-0"]
[WhiteElo "1678"]
[BlackElo "1495"]
[PlyCount "33"]
[EventDate "2011.09.19"]
[EventType "tourn"]
[EventRounds "1"]
[EventCountry "POL"]
[SourceDate "2011.09.20"]

1. d4 d5 2. c4 c6 3. Nf3 Nf6 4. e3 e6 5. b3 Nbd7 6. Bb2 Be7 7. Bd3 Ne4 8. O-O
f5 9. Ne5 Nxe5 10. dxe5 O-O 11. f4 Bd7 12. Ba3 c5 13. cxd5 exd5 14. Bxe4 fxe4
15. Qxd5+ Kh8 16. Bxc5 Qa5 17. b4 1-0

[Event "99th YMCA Autumn D"]
[Site "Warszawa"]
[Date "2011.10.19"]
[Round "5"]
[White "Rodak, Przemyslaw"]
[Black "Wilczynski, Adam"]
[Result "1-0"]
[WhiteElo "1551"]
[BlackElo "1680"]
[PlyCount "75"]
[EventDate "2011.09.19"]
[EventType "tourn"]
[EventRounds "1"]
[EventCountry "POL"]
[SourceDate "2011.09.20"]

1. d4 Nf6 2. c4 e6 3. Nc3 Bb4 4. Nf3 c5 5. e3 O-O 6. Bd3 d5 7. O-O Nc6 8. a3
Ba5 9. cxd5 exd5 10. dxc5 Bxc3 11. bxc3 Bg4 12. a4 Re8 13. Ba3 Qc7 14. Be2 Ne4
15. Qc2 Ne5 16. Rfd1 Rad8 17. Rab1 Nc4 18. Bxc4 dxc4 19. Rxd8 Qxd8 20. Rxb7
Bxf3 21. gxf3 Nxc5 22. Rxa7 Nd3 23. f4 Qd5 24. Qd1 Qh1+ 25. Kxh1 Nxf2+ 26. Kg1
Nxd1 27. Rc7 Nxe3 28. a5 h5 29. a6 Ra8 30. a7 Rd8 31. Rb7 Rd1+ 32. Kf2 Ng4+ 33.
Ke2 Rh1 34. a8=Q+ Kh7 35. Rb8 Rxh2+ 36. Ke1 f5 37. Rh8+ Kg6 38. Qe8+ 1-0

[Event "99th YMCA Autumn D"]
[Site "Warszawa"]
[Date "2011.10.13"]
[Round "6"]
[White "Budrewicz, Henryk"]
[Black "Wilczynski, Adam"]
[Result "1-0"]
[WhiteElo "1596"]
[BlackElo "1680"]
[PlyCount "147"]
[EventDate "2011.09.19"]
[EventType "tourn"]
[EventRounds "1"]
[EventCountry "POL"]
[SourceDate "2011.09.20"]

1. d4 Nf6 2. e3 b6 3. Nf3 Bb7 4. Bd3 e6 5. O-O Be7 6. Nbd2 d5 7. Qe2 O-O 8. b3
Nbd7 9. Bb2 a6 10. a4 Ne4 11. Ne5 Bb4 12. Nb1 f6 13. Nxd7 Qxd7 14. f3 Ng5 15.
c3 Bd6 16. Nd2 f5 17. h4 Nf7 18. f4 Nh6 19. Nf3 Ng4 20. Ne5 Bxe5 21. fxe5 Qe7
22. g3 g5 23. h5 Qe8 24. Kg2 Qxh5 25. Rh1 Qe8 26. Rh3 Rf7 27. Rah1 Rg7 28. Qf3
c5 29. Bc2 Rc8 30. Re1 Nxe5 31. Qf1 g4 32. Rh1 Nf3 33. Re2 a5 34. Rf2 c4 35.
Qa1 Ng5 36. Ba3 cxb3 37. Bxb3 Ne4 38. Rc2 Rgc7 39. Bb2 Ba6 40. Rcc1 Nd2 41. Qa3
Bd3 42. Rh6 Be4+ 43. Kf2 Kg7 44. Rh2 Bf3 45. Ba2 Ne4+ 46. Ke1 Qe7 47. Qb3 Qd6
48. Rcc2 Qxg3+ 49. Kf1 Qd6 50. Ba3 Qc6 51. Qb2 Nd6 52. c4 Qxa4 53. Bxd6 Be4 54.
Bb3 Qd7 55. Bxc7 Qxc7 56. cxd5 Bxc2 57. Rxc2 Qb8 58. Rxc8 Qxc8 59. dxe6 Kg6 60.
d5 Qc5 61. Qd4 Qd6 62. Qf4 Qc5 63. d6 Qc1+ 64. Kg2 Qb2+ 65. Kg3 Qxb3 66. d7 Qd1
67. Qf2 Qd6+ 68. Kg2 Kf6 69. Qh4+ Kg7 70. d8=Q Qc6+ 71. Kg1 Qc1+ 72. Kh2 Qc2+
73. Kg3 Qe4 74. Qhg5# 1-0

[Event "99th YMCA Autumn D"]
[Site "Warszawa"]
[Date "2011.10.24"]
[Round "6"]
[White "Jarzyna, Michal"]
[Black "Rodak, Przemyslaw"]
[Result "1/2-1/2"]
[WhiteElo "1495"]
[BlackElo "1551"]
[PlyCount "59"]
[EventDate "2011.09.19"]
[EventType "tourn"]
[EventRounds "1"]
[EventCountry "POL"]
[SourceDate "2011.09.20"]

1. b3 e5 2. Bb2 Nc6 3. e3 Nf6 4. c4 g6 5. a3 Bg7 6. Nf3 d6 7. d3 O-O 8. Be2 Bf5
9. O-O Re8 10. Nbd2 a6 11. Rc1 Rc8 12. b4 Na7 13. Qb3 e4 14. dxe4 Nxe4 15. Bxg7
Kxg7 16. Rfd1 Qe7 17. Nd4 Qf6 18. Nxf5+ gxf5 19. f3 Nxd2 20. Rxd2 Qg5 21. f4
Qe7 22. Rd3 Rcd8 23. Rf1 Qh4 24. Qb1 Qf6 25. Qa1 Qxa1 26. Rxa1 Re7 27. Bf3 c6
28. Rad1 Nc8 29. Kf2 Rde8 30. Rc3 1/2-1/2

[Event "99th YMCA Autumn D"]
[Site "Warszawa"]
[Date "2011.10.24"]
[Round "6"]
[White "Powalka, Michal"]
[Black "Praczukowski, Stanislaw"]
[Result "0-1"]
[WhiteElo "1560"]
[BlackElo "1678"]
[PlyCount "54"]
[EventDate "2011.09.19"]
[EventType "tourn"]
[EventRounds "1"]
[EventCountry "POL"]
[SourceDate "2011.09.20"]

1. e4 e5 2. f4 exf4 3. Bc4 d6 4. d4 Qh4+ 5. Kf1 Be7 6. Nf3 Bg4 7. Bxf4 Nf6 8.
Nbd2 Bxf3 9. Qxf3 Nc6 10. c3 O-O 11. Re1 Rae8 12. Qg3 Nh5 13. Qxh4 Bxh4 14. g3
Nxf4 15. Re3 Bg5 16. Nf3 Nh3 17. Re2 Bd8 18. Kg2 Ng5 19. Nd2 Na5 20. Bd3 f5 21.
d5 fxe4 22. Bc2 e3 23. Nf1 Nc4 24. b3 Ne5 25. h4 Ngf7 26. Rxe3 Ng4 27. Rxe8
Rxe8 0-1

[Event "99th YMCA Autumn D"]
[Site "Warszawa"]
[Date "2011.10.24"]
[Round "6"]
[White "Gajewski, Wojciech"]
[Black "Litner, Igor"]
[Result "1-0"]
[WhiteElo "1486"]
[BlackElo "1676"]
[PlyCount "75"]
[EventDate "2011.09.19"]
[EventType "tourn"]
[EventRounds "1"]
[EventCountry "POL"]
[SourceDate "2011.09.20"]

1. c4 c5 2. Nc3 Nf6 3. g3 Nc6 4. Bg2 g6 5. Nf3 Bg7 6. O-O O-O 7. Rb1 b6 8. d4
cxd4 9. Nxd4 Bb7 10. h3 Qc8 11. b3 Nxd4 12. Qxd4 Bxg2 13. Kxg2 Qb7+ 14. Kg1
Rfd8 15. Qd3 d5 16. Qf3 e6 17. Bg5 Ne4 18. Nxe4 dxe4 19. Qe3 f6 20. Bh6 Rd6 21.
Rbd1 Rad8 22. Rxd6 Rxd6 23. c5 Bxh6 24. Qxh6 bxc5 25. Qe3 Qd5 26. Rc1 Rc6 27.
Rc4 f5 28. Qc1 a5 29. a3 Rd6 30. Rxc5 Qxb3 31. Rc8+ Kg7 32. Qc7+ Kh6 33. Qxd6
Qb2 34. Rc7 Qxe2 35. Qf4+ g5 36. Qe3 Qd1+ 37. Kg2 Qd6 38. Qa7 1-0

[Event "99th YMCA Autumn D"]
[Site "Warszawa"]
[Date "2011.10.24"]
[Round "6"]
[White "Kasperski, Marcin"]
[Black "Blank, Kamil"]
[Result "1/2-1/2"]
[WhiteElo "1701"]
[BlackElo "1667"]
[PlyCount "62"]
[EventDate "2011.09.19"]
[EventType "tourn"]
[EventRounds "1"]
[EventCountry "POL"]
[SourceDate "2011.09.20"]

1. e4 c5 2. Nf3 d6 3. d4 cxd4 4. Nxd4 Nf6 5. Nc3 g6 6. Be3 Bg7 7. f3 O-O 8. Qd2
Nc6 9. O-O-O d5 10. Nxc6 bxc6 11. exd5 Nxd5 12. Nxd5 cxd5 13. Qxd5 Qc7 14. Qxa8
Bf5 15. Qxf8+ Kxf8 16. Bc4 e6 17. Bb3 Qe5 18. Kd2 Qxb2 19. Rc1 Qc3+ 20. Ke2 h5
21. h3 h4 22. Rhd1 Qe5 23. Kf2 Qg3+ 24. Kf1 Bxh3 25. Bc5+ Kg8 26. gxh3 Qxf3+
27. Bf2 Qh1+ 28. Ke2 Qe4+ 29. Kf1 Qh1+ 30. Ke2 Qe4+ 31. Kf1 Qh1+ 1/2-1/2

[Event "99th YMCA Autumn D"]
[Site "Warszawa"]
[Date "2011.10.28"]
[Round "7"]
[White "Blank, Kamil"]
[Black "Budrewicz, Henryk"]
[Result "1-0"]
[WhiteElo "1667"]
[BlackElo "1596"]
[PlyCount "81"]
[EventDate "2011.09.19"]
[EventType "tourn"]
[EventRounds "1"]
[EventCountry "POL"]
[SourceDate "2011.09.20"]

1. e4 e6 2. d4 b6 3. Nc3 Bb7 4. Bd3 Bb4 5. Bd2 f5 6. Qe2 Nf6 7. f3 O-O 8. O-O-O
Nc6 9. Qe3 Bxc3 10. Bxc3 fxe4 11. Bxe4 Nxe4 12. fxe4 d5 13. Qg3 a5 14. Nf3 b5
15. Ng5 Qe7 16. exd5 exd5 17. Rde1 Qd7 18. Ne6 Rf7 19. Nc5 Qc8 20. b3 b4 21.
Bb2 Ne7 22. Qg5 Ng6 23. h4 Bc6 24. h5 Rf5 25. Qg4 Nf8 26. h6 g6 27. Qg3 Bb5 28.
Re7 Ra7 29. Rhe1 Qd8 30. Rg7+ Kh8 31. Ree7 Be8 32. Qe1 Ra8 33. g4 Rf6 34. Nb7
Qc8 35. Qe5 Raa6 36. Rxe8 Rf1+ 37. Kd2 Raf6 38. Rxc8 R6f2+ 39. Qe2 Rxe2+ 40.
Kxe2 Rf6 41. Nxa5 1-0

[Event "99th YMCA Autumn D"]
[Site "Warszawa"]
[Date "2011.10.31"]
[Round "7"]
[White "Sokur, Iwan"]
[Black "Kasperski, Marcin"]
[Result "1/2-1/2"]
[WhiteElo "1456"]
[BlackElo "1701"]
[Annotator "M"]
[PlyCount "94"]
[EventDate "2011.09.19"]
[EventType "tourn"]
[EventRounds "1"]
[EventCountry "POL"]
[SourceDate "2011.09.20"]

1. d4 d5 2. c4 c6 3. Nf3 Nf6 4. Nc3 e6 5. Bg5 Be7 6. e3 Nbd7 7. Bd3 dxc4 8.
Bxc4 b5 9. Bd3 Bb7 10. Bxf6 Nxf6 11. O-O O-O 12. Qc2 b4 13. Ne4 h6 14. Rfd1 Nd7
15. Nc5 Bxc5 16. dxc5 Qe7 17. Rac1 a5 18. Nd4 f5 19. Bc4 Nxc5 20. Nxf5 Qf6 21.
Nd6 Kh8 22. f3 Ba6 23. Bxa6 Nxa6 24. b3 c5 25. Qc4 Qe5 26. Ne4 Nc7 27. Qxc5
Qxc5 28. Rxc5 Nd5 29. Kf2 a4 30. Rd2 axb3 31. axb3 Ra3 32. Rd3 Ra2+ 33. Kg3 Re2
34. Rc6 Nxe3 35. Rxe6 Rxg2+ 36. Kh3 Rxf3+ 37. Ng3 Rxh2+ 38. Kxh2 Ng4+ 39. Kh3
Rxd3 40. Kxg4 Rxb3 41. Rb6 Rb1 42. Kh5 Kh7 43. Rb7 b3 44. Ne4 Rh1+ 45. Kg4 Re1
46. Kf5 $11 Rf1+ 47. Kg4 Re1 $11 1/2-1/2

[Event "99th YMCA Autumn D"]
[Site "Warszawa"]
[Date "2011.11.03"]
[Round "7"]
[White "Litner, Igor"]
[Black "Baranowicz, Jan"]
[Result "1-0"]
[WhiteElo "1676"]
[BlackElo "1672"]
[PlyCount "31"]
[EventDate "2011.09.19"]
[EventType "tourn"]
[EventRounds "1"]
[EventCountry "POL"]
[SourceDate "2011.09.20"]

1. d4 g6 2. c4 Bg7 3. Nc3 c5 4. e3 cxd4 5. exd4 b6 6. g3 Bb7 7. Nf3 Nc6 8. d5
Ne5 9. Nxe5 Bxe5 10. Bg2 Qc7 11. Qd3 Rc8 12. b3 a6 13. a4 e6 14. O-O Ne7 15. d6
Qxd6 16. Qxd6 1-0

[Event "99th YMCA Autumn D"]
[Site "Warszawa"]
[Date "2011.11.02"]
[Round "7"]
[White "Praczukowski, Stanislaw"]
[Black "Gajewski, Wojciech"]
[Result "1-0"]
[WhiteElo "1678"]
[BlackElo "1486"]
[PlyCount "65"]
[EventDate "2011.09.19"]
[EventType "tourn"]
[EventRounds "1"]
[EventCountry "POL"]
[SourceDate "2011.09.20"]

1. d4 Nf6 2. c4 Nc6 3. Nf3 e6 4. g3 Bb4+ 5. Bd2 Qe7 6. a3 Bxd2+ 7. Nbxd2 d6 8.
Bg2 O-O 9. O-O e5 10. d5 Nb8 11. e4 Bg4 12. Qc2 Nbd7 13. Rfe1 a5 14. h3 Bxf3
15. Nxf3 a4 16. Nd2 Nc5 17. Kh2 b6 18. f4 Nfd7 19. f5 g6 20. Rf1 f6 21. fxg6
hxg6 22. h4 Rf7 23. Bh3 Rh7 24. Rf2 Rf7 25. h5 g5 26. Bf5 Nf8 27. Raf1 Kg7 28.
Nf3 Kh6 29. Kg2 Nb3 30. Qc3 Nd7 31. Qe3 Kg7 32. Bxd7 Qxd7 33. Nxg5 1-0

[Event "99th YMCA Autumn D"]
[Site "Warszawa"]
[Date "2011.11.10"]
[Round "7"]
[White "Rodak, Przemyslaw"]
[Black "Powalka, Michal"]
[Result "0-1"]
[WhiteElo "1551"]
[BlackElo "1560"]
[PlyCount "66"]
[EventDate "2011.09.19"]
[EventType "tourn"]
[EventRounds "1"]
[EventCountry "POL"]
[SourceDate "2011.09.20"]

1. d4 Nf6 2. c4 g6 3. Nc3 Bg7 4. e4 d6 5. Nge2 O-O 6. f3 Nbd7 7. Be3 e5 8. Qd2
c6 9. g4 exd4 10. Bxd4 Ne5 11. Bxe5 dxe5 12. Rd1 Qe7 13. Ng3 Be6 14. h4 Rad8
15. Qe2 Nd7 16. Kf2 f5 17. exf5 gxf5 18. gxf5 Bxf5 19. Nh5 Bh6 20. Ne4 Bg4 21.
Bg2 Bxh5 22. Ng3 Bg4 23. Ke1 Qb4+ 24. Kf1 Be6 25. Kg1 Bf4 26. Ne4 Nc5 27. b3
Nxe4 28. fxe4 Qc5+ 29. Kf1 Bg3+ 30. Bf3 Rxd1+ 31. Kg2 Rxh1 32. Kxh1 Qf2 33.
Qxf2 Bxf2 0-1

[Event "99th YMCA Autumn D"]
[Site "Warszawa"]
[Date "2011.11.03"]
[Round "7"]
[White "Wilczynski, Adam"]
[Black "Jarzyna, Michal"]
[Result "1-0"]
[WhiteElo "1680"]
[BlackElo "1495"]
[PlyCount "57"]
[EventDate "2011.09.19"]
[EventType "tourn"]
[EventRounds "1"]
[EventCountry "POL"]
[SourceDate "2011.09.20"]

1. c4 e5 2. g3 Nf6 3. Bg2 Nc6 4. Nc3 Bb4 5. Nd5 O-O 6. Nxb4 Nxb4 7. Nf3 Re8 8.
O-O c6 9. a3 Na6 10. d3 h6 11. b4 d5 12. cxd5 cxd5 13. Bb2 d4 14. Nd2 Rb8 15.
Nc4 Nd7 16. e3 Nb6 17. Na5 Qd7 18. Rc1 Nc7 19. exd4 exd4 20. Re1 Ne6 21. Qb3
Qd8 22. Re5 Re7 23. Rce1 Kh8 24. f4 Qc7 25. f5 Nc5 26. Rxe7 Qxe7 27. Rxe7 Nxb3
28. Re8+ Kh7 29. Nxb3 1-0

[Event "99th YMCA Autumn D"]
[Site "Warszawa"]
[Date "2011.11.15"]
[Round "8"]
[White "Budrewicz, Henryk"]
[Black "Jarzyna, Michal"]
[Result "1-0"]
[WhiteElo "1596"]
[BlackElo "1495"]
[PlyCount "62"]
[EventDate "2011.09.19"]
[EventType "tourn"]
[EventRounds "1"]
[EventCountry "POL"]
[SourceDate "2011.09.20"]

1. d4 d5 2. e3 Nf6 3. Bd3 e6 4. Nd2 c5 5. c3 Nc6 6. f4 Be7 7. Ngf3 O-O 8. O-O
Nd7 9. Ne5 f5 10. Rf3 Nf6 11. Rh3 Bd7 12. Nxd7 Qxd7 13. Nf3 Qe8 14. Ne5 Nd8 15.
Be2 Ne4 16. g4 Nf7 17. gxf5 Nxe5 18. dxe5 Rd8 19. Bh5 Qd7 20. fxe6 Qxe6 21. Qg4
Qa6 22. Qd1 Qb6 23. Qc2 Qe6 24. Qg2 Bg5 25. Bg4 Qe7 26. c4 Qf7 27. fxg5 dxc4
28. Bf3 Nxg5 29. Qxg5 Qe6 30. Rg3 Rd7 31. Qg4 Qh6 1-0

[Event "99th YMCA Autumn D"]
[Site "Warszawa"]
[Date "2011.11.07"]
[Round "8"]
[White "Powalka, Michal"]
[Black "Wilczynski, Adam"]
[Result "0-1"]
[WhiteElo "1560"]
[BlackElo "1680"]
[PlyCount "104"]
[EventDate "2011.09.19"]
[EventType "tourn"]
[EventRounds "1"]
[EventCountry "POL"]
[SourceDate "2011.09.20"]

1. e4 c5 2. Nf3 d6 3. d4 cxd4 4. Nxd4 Nf6 5. Nc3 a6 6. Bg5 e6 7. f4 h6 8. Bh4
Qb6 9. Nb3 Qe3+ 10. Qe2 Qxf4 11. Bg3 Qg4 12. O-O-O Qxe2 13. Bxe2 e5 14. Nd2 b5
15. a4 Nc6 16. axb5 Nd4 17. Bc4 Bg4 18. Rde1 axb5 19. Nxb5 Nxb5 20. Bxb5+ Kd8
21. b3 Kc7 22. Kb2 Be7 23. Bc4 Nh5 24. Bxf7 Nxg3 25. hxg3 Bd7 26. Bd5 Bc6 27.
Rhf1 Rhf8 28. Bxc6 Kxc6 29. Rf3 Bf6 30. c4 Rfb8 31. Ra1 Rxa1 32. Kxa1 Bg5 33.
Nb1 Bc1 34. Rc3 Ra8+ 35. Na3 Bxa3 36. Rf3 Bc1+ 37. Kb1 Bg5 38. Kb2 Kc5 39. Kc3
Ra2 40. Rd3 Rxg2 41. b4+ Kc6 42. b5+ Kc7 43. Rf3 Kb6 44. Rd3 Be7 45. Rf3 Re2
46. Kd3 Re1 47. Rf2 Bg5 48. Rf3 Kc5 49. g4 Bf4 50. Rh3 Rg1 51. Rf3 Rxg4 52. Rh3
Rg3+ 0-1

[Event "99th YMCA Autumn D"]
[Site "Warszawa"]
[Date "2011.11.07"]
[Round "8"]
[White "Gajewski, Wojciech"]
[Black "Rodak, Przemyslaw"]
[Result "1-0"]
[WhiteElo "1486"]
[BlackElo "1551"]
[PlyCount "83"]
[EventDate "2011.09.19"]
[EventType "tourn"]
[EventRounds "1"]
[EventCountry "POL"]
[SourceDate "2011.09.20"]

1. g3 d5 2. Bg2 Nf6 3. d3 Bf5 4. Nd2 e6 5. Ngf3 h6 6. O-O Bd6 7. Re1 Be7 8. e4
dxe4 9. Nh4 Bg4 10. f3 exf3 11. Nhxf3 Nc6 12. Nb3 O-O 13. c3 Bd6 14. Qc2 Ne7
15. c4 c6 16. Qc3 Nf5 17. Ne5 Qe7 18. a3 Bh5 19. Bh3 Bxe5 20. Qxe5 Nd6 21. Rf1
Bg6 22. Rf3 Kh7 23. Bd2 Rad8 24. Bc3 Nde8 25. Bb4 Nd6 26. Bc3 b6 27. Nd4 Rc8
28. Re1 c5 29. Ne2 Nde8 30. Nf4 Qc7 31. Qe3 Qd6 32. Be5 Qc6 33. Bc3 Bh5 34.
Nxh5 Nxh5 35. g4 Nhf6 36. g5 hxg5 37. Rg3 Rd8 38. Qxg5 e5 39. Bf5+ Kg8 40. Rh3
g6 41. Rh6 Nh5 42. Rxh5 1-0

[Event "99th YMCA Autumn D"]
[Site "Warszawa"]
[Date "2011.11.10"]
[Round "8"]
[White "Baranowicz, Jan"]
[Black "Praczukowski, Stanislaw"]
[Result "0-1"]
[WhiteElo "1672"]
[BlackElo "1678"]
[PlyCount "80"]
[EventDate "2011.09.19"]
[EventType "tourn"]
[EventRounds "1"]
[EventCountry "POL"]
[SourceDate "2011.09.20"]

1. e4 c5 2. Nc3 e6 3. Nf3 d6 4. d4 cxd4 5. Nxd4 Nf6 6. Bg5 Be7 7. Bb5+ Nbd7 8.
f4 a6 9. Ba4 b5 10. Nc6 Qb6 11. Nxe7 bxa4 12. Nxc8 Rxc8 13. Rb1 h6 14. Bh4 a3
15. Bf2 Qa5 16. b4 Qc7 17. Rb3 Qb7 18. Qd3 O-O 19. O-O Rfd8 20. Bh4 Qb6+ 21.
Kh1 Rc6 22. Rfb1 Rdc8 23. Rxa3 Ng4 24. Qf3 Ndf6 25. h3 Rxc3 26. Rxc3 Rxc3 27.
Qxc3 Nf2+ 28. Bxf2 Qxf2 29. Qd3 Nh5 30. Qf3 Qxc2 31. Re1 Nf6 32. Qe2 Qc3 33. e5
dxe5 34. fxe5 Nd5 35. Rf1 Qxb4 36. Qxa6 Ne3 37. Rg1 Nf5 38. Qd3 Qf4 39. Qf3
Ng3+ 40. Kh2 Nf1+ 0-1

[Event "99th YMCA Autumn D"]
[Site "Warszawa"]
[Date "2011.09.19"]
[Round "8"]
[White "Kasperski, Marcin"]
[Black "Pajak, Jakub"]
[Result "0-1"]
[WhiteElo "1701"]
[BlackElo "1694"]
[PlyCount "80"]
[EventDate "2011.09.19"]
[EventType "tourn"]
[EventRounds "1"]
[EventCountry "POL"]
[SourceDate "2011.09.20"]

1. d4 c5 2. d5 d6 3. c4 a6 4. e4 Bd7 5. Nc3 g6 6. f4 Bg7 7. Nf3 Nh6 8. Bd3 O-O
9. O-O b5 10. cxb5 axb5 11. Kh1 c4 12. Bc2 Qb6 13. h3 b4 14. Ne2 Na6 15. e5 Nc5
16. Be3 Bf5 17. Ng3 Bxc2 18. Qxc2 Qa6 19. Bxc5 dxc5 20. Rfc1 Rfd8 21. Qe4 Qb7
22. d6 Qxe4 23. Nxe4 exd6 24. Nxd6 Rxd6 25. exd6 Bxb2 26. Ne5 Bxa1 27. Rxa1 b3
28. Nxc4 bxa2 29. Nb6 Rd8 30. d7 Kf8 31. Rxa2 Ke7 32. Re2+ Kd6 33. Re8 Kc7 34.
g4 f5 35. g5 Nf7 36. Nd5+ Kxd7 37. Nf6+ Kc8 38. Re7 c4 39. Re2 c3 40. Rc2 Rd1+
0-1

[Event "99th YMCA Autumn D"]
[Site "Warszawa"]
[Date "2011.11.07"]
[Round "8"]
[White "Blank, Kamil"]
[Black "Sokur, Iwan"]
[Result "0-1"]
[WhiteElo "1667"]
[BlackElo "1456"]
[PlyCount "104"]
[EventDate "2011.09.19"]
[EventType "tourn"]
[EventRounds "1"]
[EventCountry "POL"]
[SourceDate "2011.09.20"]

1. e4 e6 2. d4 d5 3. exd5 exd5 4. c4 c6 5. Nc3 Nf6 6. Nf3 Bb4 7. Be2 O-O 8. O-O
Bg4 9. Qb3 Bxc3 10. bxc3 Re8 11. Be3 Qc7 12. Rae1 Nbd7 13. h3 Bxf3 14. Bxf3 Nb6
15. c5 Nc4 16. Bg5 b5 17. Qc2 Re6 18. Rxe6 fxe6 19. Qe2 Qf7 20. Re1 Re8 21.
Bxf6 Qxf6 22. Bg4 e5 23. Qd3 e4 24. Qg3 Rf8 25. Re2 Qf7 26. a4 h5 27. axb5 cxb5
28. Bxh5 Qxh5 29. Ra2 Qf7 30. Ra6 e3 31. fxe3 Qe7 32. c6 Rc8 33. Qg4 Rc7 34.
Qf5 Nxe3 35. Qb1 Qe4 36. Qb2 Qd3 37. Ra5 Rxc6 38. Rxa7 Rxc3 39. Qf2 Nf5 40. Qf4
Qe3+ 41. Qxe3 Rxe3 42. h4 Nxh4 43. g3 Rxg3+ 44. Kh2 Rg4 45. Kh1 Rxd4 46. Kh2 b4
47. Kh1 Rd2 48. Kg1 b3 49. Rb7 b2 50. Kh1 Rd1+ 51. Kh2 b1=Q 52. Rb3 Qc2+ 0-1

[Event "99th YMCA Autumn D"]
[Site "Warszawa"]
[Date "2011.11.08"]
[Round "9"]
[White "Sokur, Iwan"]
[Black "Budrewicz, Henryk"]
[Result "0-1"]
[WhiteElo "1456"]
[BlackElo "1596"]
[PlyCount "92"]
[EventDate "2011.09.19"]
[EventType "tourn"]
[EventRounds "1"]
[EventCountry "POL"]
[SourceDate "2011.09.20"]

1. e4 e6 2. Nc3 b6 3. Nf3 Bb7 4. Bc4 c5 5. d3 Nc6 6. O-O a6 7. a4 Qc7 8. Be3
Be7 9. Qe2 Nf6 10. Rfd1 Rc8 11. Bb3 Ng4 12. h3 Nxe3 13. Qxe3 Bf6 14. d4 cxd4
15. Nxd4 Nxd4 16. Rxd4 Bxd4 17. Qxd4 O-O 18. Rd1 Rfd8 19. Qe3 Qc5 20. Qf4 b5
21. axb5 axb5 22. Rd3 b4 23. Na2 Ba6 24. Rg3 Bc4 25. e5 Bxb3 26. cxb3 Qe7 27.
Nxb4 Ra8 28. Qd2 Ra1+ 29. Kh2 g6 30. Rd3 Qc5 31. Qf4 Ra5 32. Qf6 Rf8 33. Qf4
Qxe5 34. Qxe5 Rxe5 35. Rxd7 Re2 36. Nd3 Rd2 37. f3 Rb8 38. Kg3 Rxb3 39. Nc5
Rbxb2 40. Re7 Rxg2+ 41. Kf4 Rbe2 42. Ne4 Kf8 43. Ra7 f5 44. Ke5 fxe4 45. Kf6
Ke8 46. Kxe6 exf3+ 0-1